000 00733nam a22001937a 4500
999 _c166689
_d166689
005 20190805113623.0
010 _aUR-10339
020 _c150.00
_a9789388356251
035 _aU-8894
037 _bDBAD/PUB
082 _a841.08
100 _aفر ز ا نہ بيگم
245 _aر ا سخ عظيم آ با د ی کی شا عر ی ميں تصو ف کے عنا صر
_cفر ز ا نہ بيگم
246 _bRasikh Azimabadi ki Shaeri Mein Tasawwuf Ke Anasir (Urdu)
_aby Farzana Begum
260 _aDelhi
_bEducational Publishing House
_c2018 ء
270 _a3191,Vakil Sreet Kucha Pandit Lal Kuan
_bDelhi
_e110006
_k23216162
_l-
300 _a112+8 ص
_c22 Cm(Hb)
942 _2ddc
_cUR
_h841.08
_mف ر ز